000 00894nam a22001815i 4500
001 161927
003 ES-MaACL
005 20251111063351.0
008 990421s1881 sp |||| | spa d
040 _aCAM
_bspa
_cCAM
100 1 _aPérez Zúñiga, Juan,
_d1860-1938
_991232
245 1 3 _aLa manía de papá
_b: juguete en un acto y en verso /
_coriginal de Juan Pérez Zúñiga.
260 _aMadrid :
_b[Administración Lírico-Dramática],
_c1881 (
_fJosé Rodríguez)
300 _a29 p. ;
_c20 cm.
500 _aEn port.: Estrenada en el Teatro Lara la noche del 11 de enero de 1881.
852 _aES-MaACL
_jF-8597(9)
_z-- Enc. pasta española
_q-- Falto de la cub. original
_z-- Enc. en un vol. facticio formando parte de la col. facticia "Teatro español moderno", vol. 50
_z.- Dedicatoria manuscrita del autor a Gustavo Saenz Diez, en anteport.
999 _c161927
_d161927